000 00693nam a2200229 a 4500
001 77122
003 BD-RjUL
005 20211209082928.0
008 200227s19461959n ||||| d||| 001 0 eng d
035 _a(BD-RjUL)77346
040 _aBD-RjUL
_beng
_cBD-RjUL
_dBD-RjUL
041 _aeng
082 _223
_a820
_bWAH 1946
100 1 _aWatt, Homer A.
_9188872
245 2 1 _aA handbook of English literature /
_cHomer A. Watt , William W. Watt
260 _aNewyork :
_bBarnes & Noble,
_c1959
300 _a430 p. ;
_c22 cm.
500 _aIncludes index
650 _aAuthors, English
_v Biography
_xDictionaries.
_9239837
650 _aEnglish literature
_vDictionary
_9239838
942 _2ddc
_cREF
999 _c77122
_d77122